000 00503nam a2200169Ia 4500
008 090711s9999 xx 000 0 und d
082 _b39165
100 _aमराठे प्रभाकर द.
245 _aअंधारगर्भ
260 _c1978
300 _a147
600 _aमराठे प्रभाकर द.
630 _aअंधारगर्भ
700 _aमराठे प्रभाकर द.
730 _aअंधारगर्भ
942 _cBOOK
999 _c292740
_d292740